Pathogenesis of Ulcerative Colitis and Crohn’s Disease Similarities, Differences and a Lot of Things We Do Not Know Yet /

Elmentve itt :
Bibliográfiai részletek
Szerzők: Annaházi Anita
Molnár Tamás
Dokumentumtípus: Cikk
Megjelent: 2014
Sorozat:Journal of Clinical & Cellular Immunology 5 No. 4
doi:10.4172/2155-9899.1000253

mtmt:2749526
Online Access:http://publicatio.bibl.u-szeged.hu/5161
LEADER 00824nab a2200205 i 4500
001 publ5161
005 20180913114112.0
008 150410s2014 hu o 0|| zxx d
022 |a 2155-9899 
024 7 |a 10.4172/2155-9899.1000253  |2 doi 
024 7 |a 2749526  |2 mtmt 
040 |a SZTE Publicatio Repozitórium  |b hun 
041 |a zxx 
100 1 |a Annaházi Anita 
245 1 0 |a Pathogenesis of Ulcerative Colitis and Crohn’s Disease  |h [elektronikus dokumentum] :  |b Similarities, Differences and a Lot of Things We Do Not Know Yet /  |c  Annaházi Anita 
260 |c 2014 
300 |a Közlemény azonosító: 253-Terjedelem: 15 oldal 
490 0 |a Journal of Clinical & Cellular Immunology  |v 5 No. 4 
700 0 1 |a Molnár Tamás  |e aut 
856 4 0 |u http://publicatio.bibl.u-szeged.hu/5161/1/2749526_Annah%C3%A1zi_JCCI.pdf  |z Dokumentum-elérés